00325nam a2200145Ia 45000030006000000080041000060400015000471000016000622450022000782500006001002600036001063000006001425460014001480050017001620STCL150530s9999 xx 000 0 und d aSTCLcSTCL aAvara, M.O. aMoonnu Mahathikal a3 bBharatha Vilasam; Trichurc1947 a0 aMalayalam20220125171811.0